000 00862nam a2200277 a 4500
001 000044139
003 DO-SdBNP
005 20260528135336.0
007 000044139
008 140602s2011 dr a 000 0 spa d
020 _a9789945429343
040 _aBPMSU
_bspa
_cBPMSU
082 4 _a398.293
_bS211c 2011
_222
100 1 _aSánchez Beras, César
245 1 3 _aEl cemí y el fuego :
_b(leyendas taínas) /
_cCésar Sánchez Beras ; ilustraciones Rafael Hutchinson.
260 _aSanto Domingo :
_bAfaguara Infantil,
_c2011.
300 _a61 p. :
_bil. ;
_c21 cm.
490 0 _aAfaguara infantil
590 _6Inventariado, 2023/VM
650 4 _aLeyendas dominicanas
_2
650 4 _aLeyendas tainas
650 4 _aLiteratura infantil dominicana
700 1 _aHutchinson, Rafael
_eil.
910 _aVMateo V. Control de calidad (BPMSU)
942 _2ddc
_cBK
999 _c7256
_d7256